[Event "Airthings Masters MCCT KO 2022"]
[Site "Online"]
[Date "2022.02.24"]
[Round "3.1"]
[White "Carlsen, Magnus"]
[Black "Nepomniachtchi, Ian"]
[Result "1/2-1/2"]
[WhiteElo "2865"]
[BlackElo "2773"]
[Annotator "TA"]
[PlyCount "101"]
[EventDate "2022.02.18"]
[EventType "k.o."]
[EventCountry "NET"]
[SourceTitle "playchess.com"]
[Source "ChessBase"]
[SourceQuality "1"]

{[%evp 9,101,-3,-1,-10,-16,-14,-28,-26,0,0,0,-6,0,0,4,0,0,0,0,0,39,7,6,0,0,0,0,0,0,0,0,0,0,0,0,-45,-45,-45,-10,-7,-5,-6,-7,-6,-3,-7,-8,-5,0,-13,0,0,0,-18,-31,-27,-32,-39,-39,-39,-35,-39,-17,-14,0,0,0,0,0,0,0,0,0,0,0,0,0,0,0,0,0,0,0,0,0,0,0,0,0,0,0,0,0,0]} 1. c4 Nf6 2. Nc3 e5 3. e3 Nc6 4. a3 d5 5. cxd5 Nxd5 6. Qc2 {A25: English Opening vs King's Indian with ...Nc6 but without early d3.} Nxc3 7. Qxc3 Bd6 8. b4 {[#] Black has an edge.} Bd7 $146 ({Predecessor:} 8... O-O 9. Bb2 a6 10. Nf3 Qe7 11. Bc4 Kh8 12. Bd5 f6 13. O-O a5 14. b5 Na7 {0-1 (39) Turov,M (2630)-Naiditsch,A (2708) Wijk aan Zee 2013}) 9. Nf3 Qe7 10. Bb2 f6 11. b5 Nd4 12. Nxd4 exd4 13. Qc2 ({Don't go for} 13. Qxd4 $2 Be5 14. Qe4 Bxb2 $19) 13... dxe3 14. dxe3 O-O-O 15. Be2 Qe8 16. a4 Qg6 17. Qxg6 hxg6 18. h4 Bb4+ 19. Kf1 c5 20. bxc6 bxc6 21. Bd4 c5 22. Bxc5 Bxc5 $15 23. Rc1 {[#]} Kb7 $1 24. Rxc5 Rc8 25. Bf3+ Kb6 26. Rxc8 Rxc8 $11 {[%mdl 4096] Endgame KRB-KRB} 27. Ke2 $1 Bxa4 28. Rb1+ Bb5+ 29. Kd2 Rd8+ 30. Kc3 Rc8+ 31. Kb2 Rc4 32. Rh1 Ba4 33. h5 gxh5 34. Rxh5 Rc2+ 35. Ka3 Bb5 {White should prevent ...a5.} (35... Bd7 $5 {[%cal Rd7e6]} 36. Rh7 Be6 $15) 36. Rh7 {The position is equal.} Bc4 {[#] ( -> ...a5)} 37. Be4 $1 Rxf2 38. Kb4 Be6 {Hoping for ...Re2.} 39. Rxg7 a5+ 40. Kc3 Kc5 41. Rc7+ Kd6 42. Rc6+ Ke5 43. Bc2 $1 Re2 44. Rc5+ Kd6 45. Rxa5 Rxe3+ 46. Kd4 Re5 47. Ra6+ Ke7 48. Ra7+ Kd6 49. Ra6+ Ke7 50. Ra7+ Kd6 51. Ra6+ {Weighted Error Value: White=0.03 (flawless) /Black=0.04 (flawless)} 1/2-1/2

[Event "Airthings Masters MCCT KO 2022"]
[Site "Online"]
[Date "2022.02.24"]
[Round "3.1"]
[White "Nepomniachtchi, Ian"]
[Black "Carlsen, Magnus"]
[Result "1/2-1/2"]
[WhiteElo "2773"]
[BlackElo "2865"]
[Annotator "TA"]
[PlyCount "151"]
[EventDate "2022.02.18"]
[EventType "k.o."]
[EventCountry "NET"]
[SourceTitle "playchess.com"]
[Source "ChessBase"]
[SourceQuality "1"]

{[%evp 9,151,49,59,31,35,36,39,35,24,27,20,25,25,14,38,31,31,22,21,27,28,31,29,13,14,15,26,37,33,18,36,25,56,47,49,30,102,-88,-94,-113,-95,-156,-146,-147,-152,-124,-142,-123,-120,-151,-92,-92,-71,-101,-95,-132,-131,-206,-189,-194,-191,-188,-129,-124,189,204,346,362,340,335,313,0,0,0,0,0,0,0,0,0,0,0,0,0,191,124,223,217,180,85,86,79,79,79,79,79,79,75,69,0,0,0,0,0,0,0,0,0,0,0,4,4,13,13,13,0,13,0,0,0,0,0,0,0,0,0,0,0,0,0,0,0,0,0,0,0,0,0,0,0,0,0,0,0]} 1. e4 c5 2. Nf3 Nc6 3. Bb5 e6 4. O-O Nd4 5. Nxd4 cxd4 6. c3 {B30: Sicilian: 2...Nc6 3 Bb5, lines without ...g6.} a6 7. Bd3 Bc5 8. b4 {White is slightly better.} Ba7 {[#]} 9. Na3 $146 ({Predecessor:} 9. Bb2 Qf6 10. Na3 Ne7 11. Nc4 Nc6 12. b5 Ne5 13. Nd6+ Kf8 14. Qe2 Ng6 15. g3 {1-0 (57) Eljanov,P (2671)-Praggnanandhaa,R (2608) Biel 2021}) 9... Ne7 10. Nc2 dxc3 11. dxc3 Qc7 12. c4 O-O 13. Be3 Bxe3 14. Nxe3 (14. fxe3 a5 $15) 14... b6 15. Rc1 a5 16. a3 axb4 17. axb4 Bb7 18. Qd2 Qf4 19. Rfd1 {[%cal Oe3f5]} Rfd8 20. Bb1 h6 21. Qd4 Qc7 22. e5 Ra4 (22... Nc6 $1 $11 {remains equal.} 23. Qd6 Rdc8) 23. Qh4 $2 (23. Qb2 $16) 23... Kf8 $17 24. Ng4 {[%cal Og4h6]} Rxb4 25. Nxh6 {[#]} Rxb1 $1 {[%mdl 512]} 26. Rxb1 Ng6 27. Qg5 {Strongly threatening Ng4.} gxh6 28. Qxh6+ Ke8 29. Rd6 Qxc4 ({And not} 29... Nxe5 30. Rdxb6 Ba8 31. Rb8 $15) ({Black should play} 29... Ra8 30. Qe3 Qc5 31. Rdxb6 Qxe3 32. fxe3 Bc6 33. Rb8+ Rxb8 34. Rxb8+ Ke7) 30. Rdxb6 Be4 31. R6b4 Qe2 32. Rc1 Bc6 33. h4 (33. Qg5 $17 {was worth a try.}) 33... Qxe5 34. h5 Ne7 35. Rg4 Ra8 (35... Nf5 $1 $19 {[%cal Rf5h6]} 36. Qg5 Qh8) 36. Rg7 {White wants to mate with Qh8+.} Kd8 $2 {[%mdl 8192]} (36... d6 $1 $17 {keeps the pressure on. ...Nf5 is the strong threat.} 37. Qg5 Qxg5 38. Rxg5 Bd5) 37. Rxf7 $18 (37. Qh8+ Kc7 38. Qxa8 Qxg7 39. Qa7+ Kc8 40. Qa8+ Kc7 41. Qa5+ Kc8 42. Qa8+ Kc7 $11) 37... Ra1 (37... Qd5 {was called for.} 38. Rxc6 (38. Qg7 Nf5 $11) 38... Qxc6) 38. Rxa1 {[%mdl 64] Overworked Piece. Dancing on a razor blade.} Qxa1+ 39. Kh2 Nf5 40. Qg5+ (40. Qf4 $1 $18 {[%cal Rf4b8]} Qb2 41. h6 Nxh6 42. Qxh6) 40... Kc7 $11 (40... Kc8 $2 41. h6 Nxh6 42. Qxh6 $18) 41. h6 Qe5+ $1 42. Kh3 Qa1 43. Qf4+ Nd6 44. Rg7 Qh1+ 45. Qh2 Qc1 46. Kg4 $36 {[%mdl 2048] Black is under pressure.} Qc4+ $2 (46... Qd1+ $11 47. f3 (47. Kh4 Qd2 $11) 47... Qd2) 47. Qf4 $1 $18 Qe2+ {[#]} (47... Qd5 $16) 48. Kh3 $1 {Black must now prevent h7.} e5 49. Qg4 (49. Qg5 $18 {is more deadly. Threatens to win with h7.} Be4 50. Qc1+ Nc4 51. f3 Bf5+ 52. Kh4) 49... Qxf2 {Hoping for ...Qe3+.} 50. h7 Qe3+ 51. Kh2 Qh6+ 52. Qh3 Qf4+ {[#]} 53. Rg3 $1 Nf7 54. h8=Q ({White should try} 54. Qg4 $1 $14 Qf6 55. Kg1) 54... Nxh8 $11 {The position is equal.} 55. Qxh8 {[%mdl 4096] Endgame KQR-KQB} d5 56. Qg7+ Kd6 57. Qg6+ Kc5 58. Qc2+ Kd6 59. Qc3 {With the idea Kg1.} d4 60. Qa3+ Ke6 61. Kg1 {aiming for Rg6+.} Qe4 {Prevents Rg6+.} 62. Qc1 Kd6 63. Rg7 d3 64. Qa3+ Kd5 65. Qa5+ Kc4 66. Qa2+ Kc3 67. Qa3+ Kc2 68. Qa2+ Kd1 69. Rf7 Qxg2+ $1 70. Qxg2 Bxg2 71. Kxg2 {Intending Kf2 and mate. KR-KPP} Ke2 $1 72. Rf2+ Ke3 73. Rf3+ Ke2 $1 74. Rf2+ Ke3 75. Rf3+ Ke2 $1 76. Rf2+ {Never resign too early!  Weighted Error Value: White=0.20 (precise) /Black=0.29 (precise)} 1/2-1/2

[Event "Airthings Masters MCCT KO 2022"]
[Site "Online"]
[Date "2022.02.24"]
[Round "3.2"]
[White "Carlsen, Magnus"]
[Black "Nepomniachtchi, Ian"]
[Result "1-0"]
[WhiteElo "2865"]
[BlackElo "2773"]
[Annotator "TA"]
[PlyCount "99"]
[EventDate "2022.02.18"]
[EventType "k.o."]
[EventCountry "NET"]
[SourceTitle "playchess.com"]
[Source "ChessBase"]
[SourceQuality "1"]

{[%evp 13,99,17,22,18,23,0,0,0,0,-8,0,0,24,21,27,12,33,36,35,28,16,0,50,19,22,18,21,0,0,-10,0,0,0,0,4,8,184,179,209,193,195,201,200,172,220,238,222,213,242,179,300,293,296,301,304,302,312,302,306,311,304,304,297,263,261,252,270,239,237,271,271,271,270,269,575,529,29957,29958,10124,6191,29970,29971,29995,29996,29996,29997,29998,29999]} 1. e4 e5 2. Bc4 Nf6 3. d3 Bc5 4. Nf3 d6 5. Nc3 Nc6 6. Na4 Bb6 7. Nxb6 axb6 8. a4 {[#] C50: Hungarian Defence and Giuoco Pianissimo.} Bd7 $146 ({Predecessor:} 8... h6 9. O-O Be6 10. Re1 Bxc4 11. dxc4 Qd7 12. b3 Qg4 13. Qd3 Nb4 14. Qc3 Nc6 15. Qd3 Nb4 16. Qc3 Nc6 {½-½ (16) Borges Feria,Y (2428)-Diaz Perez,M (2439) Santa Clara 2018}) 9. Bd2 O-O 10. O-O {The position is equal.} Ne7 11. b3 {[%cal Bb2b3,Bb3b4][%mdl 32]} Ng6 12. Re1 c5 13. h3 Bc6 14. b4 d5 15. exd5 Bxd5 16. Bb5 e4 $1 17. dxe4 Nxe4 (17... Bxe4 $11 18. Ng5 Bf5) 18. bxc5 (18. Ra3 $5 {[%cal Ra3d3]}) 18... Nxd2 19. Nxd2 Nf4 20. Bf1 bxc5 21. Nc4 {[%cal Bd2c4,Bc4e3,Be3g4,Bg4h2,Bh2f3][%mdl 32]} Qf6 22. Ne3 Bc6 23. Ng4 $1 Qg5 {aiming for ...f5.} 24. g3 Rad8 $2 {[#] Loses the game.} 25. gxf4 $1 $18 Qxf4 (25... Qg6 26. f5) 26. Qe2 Rde8 27. Qd3 h5 28. Nh2 Re5 (28... Bxa4 {is a better defense.} 29. Rxe8 Rxe8) 29. Rxe5 Qxe5 30. c3 Re8 31. Bg2 {[#] Black must now prevent Bxc6.} Qg5 (31... c4 {was called for.} 32. Qxc4 Qg5) 32. Nf3 Qf4 33. Re1 Rxe1+ 34. Nxe1 Qxa4 35. Bxc6 Qxc6 36. c4 {Prevents b5.} g6 37. Ng2 Qf6 38. Qe4 Qa1+ 39. Kh2 Qb2 40. Kg3 Kg7 41. Ne3 b5 42. cxb5 Qxb5 43. Qe5+ Kg8 $2 (43... Kh7 {is a better chance.} 44. Qd5 Qb8+ 45. Kg2 Qf4 46. Qxc5 Kg7) 44. Nd5 {Nf6+ is the strong threat.} Qd3+ 45. Kh4 Qd2 46. f4 {Nf6+ would kill now.} Qg2 47. Nf6+ {White mates.} Kf8 48. Nd7+ Kg8 49. Qe8+ Kg7 50. Qf8+ {Weighted Error Value: White=0.04 (flawless) /Black=0.59} 1-0

[Event "Airthings Masters MCCT KO 2022"]
[Site "Online"]
[Date "2022.02.24"]
[Round "3.2"]
[White "Nepomniachtchi, Ian"]
[Black "Carlsen, Magnus"]
[Result "0-1"]
[WhiteElo "2773"]
[BlackElo "2865"]
[Annotator "TA"]
[PlyCount "60"]
[EventDate "2022.02.18"]
[EventType "k.o."]
[EventCountry "NET"]
[SourceTitle "playchess.com"]
[Source "ChessBase"]
[SourceQuality "1"]

{[%evp 11,60,29,37,8,33,29,29,21,12,0,0,8,32,28,34,23,94,102,103,98,114,107,132,121,116,109,108,111,133,11,100,66,53,-76,-87,-86,-80,-280,-280,-551,-537,-2033,-1937,-29984,-29985,-29985,-29986,-29986,-29987,-29989,-29990]} 1. e4 c5 2. Nf3 e6 3. d4 cxd4 4. Nxd4 Nc6 5. Nc3 Qc7 6. Be3 a6 7. g4 {[%cal Bg2g4,Bg4g5][%mdl 32] now scores much better than the old 7.Qd2. B48: Sicilian: Taimanov: 5 Nc3 Qc7 6 Be3 a6 without Be2.} Nxd4 $5 {[%mdl 4] An interesting side line.} 8. Qxd4 b5 9. O-O-O {White has an edge.} Bb7 10. Kb1 Nf6 11. f3 Rc8 12. g5 $36 {[%mdl 2048] White has good play.} Nh5 13. Qd2 {[%cal Of1b5] And now Bxb5! would win.} Be7 (13... Bb4 $11) 14. Bh3 $16 b4 15. Ne2 d5 16. Bg4 (16. exd5 Bxd5 17. Bg4 g6 $15) 16... g6 {[#]} 17. Bxh5 $146 (17. exd5 Bxd5 18. Rc1 O-O $15) ({Predecessor:} 17. Bd4 O-O 18. e5 Ng7 19. h4 a5 20. h5 Ba6 21. Ng3 a4 22. f4 b3 23. cxb3 axb3 24. axb3 {1-0 (54) Anand,V (2753)-Van Foreest,J (2688) Zagreb 2021}) 17... gxh5 18. Nf4 (18. exd5 $6 Bxd5 19. Rhf1 (19. Nf4 $2 Bxf3 20. Qf2 Qc6 $19) 19... Qxh2 $11) 18... dxe4 19. Nxh5 exf3 20. Bf4 (20. Nf6+ $1 $16 Bxf6 21. gxf6) 20... Qd8 {[#]} (20... Qc6 $1 $11 {remains equal.}) 21. Qe3 $1 Bd5 22. Nf6+ (22. b3 $14 {keeps the upper hand.}) 22... Bxf6 $17 23. gxf6 Rg8 {Threatens to win with ...Qa5.} 24. Rhe1 $2 {This costs White the game.} (24. Rd2 $17) 24... Rg2 $19 {Really sharp!} ({And not} 24... Qa5 25. Qa7 Qc5 26. Qxc5 Rxc5 27. Bg3 $19) 25. Qa7 $2 {[#]} (25. Rd2 {was called for.}) 25... Qd7 $1 ({Stronger than} 25... Rcxc2 26. Rxd5 Rxb2+ 27. Ka1 Rxa2+ 28. Kb1 Rab2+ 29. Ka1 Ra2+ 30. Kb1 Rgb2+ 31. Kc1 Rc2+ 32. Kb1 Rcb2+ 33. Kc1 Rc2+ 34. Kb1 Rcb2+ $11) 26. Qd4 {[#]} Rcxc2 {[%cal Od7a4] ( -> ...Qa4!)} 27. Bc1 {[#]} (27. b3 Rxa2) 27... Rxc1+ $1 {Black mates.} 28. Kxc1 Qc6+ 29. Kb1 {[#]} Qa4 $1 30. Rd2 (30. Rxe6+ fxe6) 30... Bxa2+ {Weighted Error Value: White=0.95/Black=0.18 (very precise)} 0-1